[Event "St Petersburg Summer op"]
[Site "St Petersburg"]
[Date "2017.08.17"]
[Round "2"]
[White "Yurasova, Daria"]
[Black "Sudomir, Jean Denis"]
[Result "1-0"]
[WhiteElo "1996"]
[BlackElo "1730"]
[PlyCount "65"]
[EventDate "2017.08.16"]
[EventType "swiss"]
[EventRounds "9"]
[EventCountry "RUS"]
[SourceTitle "CBM 180 Extra"]
[Source "ChessBase"]
[SourceDate "2017.10.06"]
[SourceVersion "1"]
[SourceVersionDate "2017.10.06"]
[SourceQuality "1"]

1. d4 f5 2. Bg5 g6 3. e3 Bg7 4. Nf3 Nf6 5. Bc4 d5 6. Bb3 c6 7. c4 Na6 8. Nc3 Nc7 9. Bf4 0-0 10. Bxc7 Qxc7 11. cxd5 Nxd5 12. Nxd5 cxd5 13. Bxd5+ Kh8 14. 0-0 e6 15. Bb3 b6 16. Rc1 Qd6 17. Qc2 Bd7 18. Qc7 Qe7 19. Ne5 Bxe5 20. Qxe5+ Qf6 21. Qxf6+ Rxf6 22. Rc7 Bc8 23. Rfc1 Rf8 24. f3 b5 25. Re7 a5 26. Rcc7 Rd8 27. Rxh7+ Kg8 28. Rhg7+ Kf8 29. Rxg6 Ra6 30. a3 a4 31. Ba2 Bd7 32. Rf6+ Kg7 33. Rxe6 1-0

[Event "Vaujany op-B 7th"]
[Site "Vaujany"]
[Date "2016.02.12"]
[Round "7"]
[White "Mathieu, Phileas"]
[Black "Sudomir, Jean Denis"]
[Result "1-0"]
[WhiteElo "1881"]
[BlackElo "1770"]
[PlyCount "79"]
[EventDate "2016.07.16"]
[EventType "swiss"]
[EventRounds "9"]
[EventCountry "FRA"]
[SourceTitle "EXT 2017"]
[Source "ChessBase"]
[SourceDate "2016.10.25"]
[SourceVersion "1"]
[SourceVersionDate "2016.10.25"]
[SourceQuality "1"]

1. e4 d6 2. d4 Nf6 3. Nc3 c6 4. Bd3 e5 5. Nge2 Bg4 6. f3 Bh5 7. Be3 Nbd7 8. Qd2 b5 9. a3 Be7 10. 0-0-0 Nb6 11. Nxb5 cxb5 12. Bxb5+ Kf8 13. dxe5 dxe5 14. Qc3 Qc8 15. Qxe5 Nc4 16. Bxc4 Qxc4 17. Nc3 Re8 18. Qa5 a6 19. Rd3 h6 20. Rhd1 Kg8 21. b3 Qc6 22. Kb2 Rc8 23. R1d2 Kh7 24. e5 Ne8 25. Nd5 Qe6 26. Nf4 Qf5 27. g4 Bxg4 28. fxg4 Qxg4 29. Qxa6 Nc7 30. Qc4 Ne6 31. Qe4+ g6 32. Rg2 Qf5 33. Qxf5 gxf5 34. Nxe6 fxe6 35. Rd7 Rhe8 36. b4 Rc4 37. Bc5 Kh8 38. Rxe7 Rxe7 39. Bxe7 f4 40. Bf6+ 1-0